[Event "4th London Classic Open"]
[Site "London ENG"]
[Date "2012.12.08"]
[Round "8"]
[White "Sarakauskas, Gediminas"]
[Black "Player, Edmund C"]
[Result "1-0"]
[WhiteTitle "IM"]
[WhiteElo "2408"]
[BlackElo "2248"]
[WhiteFideId "12800724"]
[BlackFideId "406520"]
[EventDate "2012.12.01"]

1. e4 e6 2. d4 d5 3. Nd2 Nf6 4. e5 Nfd7 5. Bd3 c5 6. c3 Nc6 7. Ne2 Qb6 8. Nf3
cxd4 9. cxd4 f6 10. exf6 Nxf6 11. O-O Bd6 12. b3 Qc7 13. Bb2 O-O 14. Rc1 Ng4 15.
Ng3 g6 16. Re1 Bf4 17. Rc2 Qd6 18. Rce2 Bd7 19. Nf1 Rae8 20. a3 Re7 21. b4 a6
22. h3 Nh6 23. N1d2 Nf7 24. Nb3 Rfe8 25. Nc5 Bc8 26. Bb1 Bh6 27. h4 Qf4 28. Qc2
Qg4 29. Nxa6 Nd6 30. Qc5 Bf4 31. b5 Na5 32. Nc7 Ne4 33. Nxe8 Rxe8 34. Bxe4 dxe4
35. Rxe4 b6 36. Qxb6 Bb7 37. d5 Bxd5 38. Qd4 1-0

[Event "4th London Classic Open"]
[Site "London ENG"]
[Date "2012.12.08"]
[Round "8"]
[White "Rudd, Jack"]
[Black "Gullaksen, Eirik"]
[Result "1/2-1/2"]
[WhiteTitle "IM"]
[BlackTitle "IM"]
[WhiteElo "2288"]
[BlackElo "2384"]
[WhiteFideId "405736"]
[BlackFideId "1500945"]
[EventDate "2012.12.01"]

1. e4 c5 2. Nf3 Nc6 3. d4 cxd4 4. Nxd4 Nf6 5. Nc3 e5 6. Ndb5 d6 7. Bg5 a6 8. Na3
b5 9. Nd5 Be7 10. Bxf6 Bxf6 11. c3 O-O 12. Nc2 Bg5 13. a4 bxa4 14. Rxa4 a5 15.
Bb5 Ne7 16. Ncb4 Be6 17. Nxe7+ Qxe7 18. Nd5 Qb7 19. c4 Bd8 20. O-O Bxd5 21. exd5
Rb8 22. f4 exf4 23. Rxf4 Qe7 24. Rf1 Rb7 25. Qd2 Qe5 26. Re1 Qf6 27. Raa1 Re7
28. Rf1 Bb6+ 29. Kh1 Qh4 30. Ra3 Re5 31. Rh3 Qd4 32. Qc2 g6 33. Qc1 Re3 34. Rxe3 1/2-1/2

[Event "4th London Classic Open"]
[Site "London ENG"]
[Date "2012.12.08"]
[Round "8"]
[White "Luncasu, Raul-Ionut"]
[Black "Bates, Richard A"]
[Result "0-1"]
[BlackTitle "IM"]
[WhiteElo "2118"]
[BlackElo "2370"]
[WhiteFideId "1206222"]
[BlackFideId "403555"]
[EventDate "2012.12.01"]

1. e4 c5 2. Nf3 d6 3. d4 cxd4 4. Nxd4 Nf6 5. Nc3 a6 6. Bg5 e6 7. f4 Qc7 8. Qf3
Nbd7 9. O-O-O b5 10. Bxf6 Nxf6 11. Bd3 b4 12. Nce2 Bb7 13. g4 g6 14. g5 Nd7 15.
h4 h5 16. gxh6 Bxh6 17. Kb1 Bg7 18. h5 gxh5 19. Rxh5 O-O-O 20. Rdh1 Qb6 21. Nb3
f5 22. Nd2 Rxh5 23. Rxh5 Nf6 24. Rg5 Bh8 25. Rg2 d5 26. exf5 d4 27. Qf1 Bxg2 28.
Qxg2 exf5 29. Bxf5+ Kb8 30. Bd3 Nd5 31. Qe4 a5 32. Nc4 Qc7 33. Kc1 a4 34. Ne5
Bxe5 35. fxe5 b3 36. axb3 axb3 37. Nxd4 Nb4 38. c3 Qg7 39. Be2 Qg5+ 40. Kd1 Nc2
41. Bf3 Qg1+ 42. Kd2 Qf2+ 43. Kd3 Ne1+ 44. Kc4 Nxf3 45. Nxf3 Qxb2 46. Qe3 Rc8+
47. Kd5 Qa2 48. Qb6+ Ka8 49. Ke4 Qe2+ 50. Kf4 Rf8+ 51. Kg5 Qg2+ 0-1

[Event "4th London Classic Open"]
[Site "London ENG"]
[Date "2012.12.08"]
[Round "8"]
[White "Moriuchi, Toshiyuki"]
[Black "Arkell, Keith C"]
[Result "0-1"]
[BlackTitle "GM"]
[WhiteElo "2316"]
[BlackElo "2470"]
[WhiteFideId "7000405"]
[BlackFideId "400270"]
[EventDate "2012.12.01"]

1. e4 c6 2. Nc3 d5 3. Nf3 Bg4 4. h3 Bxf3 5. Qxf3 Nf6 6. b3 e6 7. Bb2 Nbd7 8.
O-O-O Qa5 9. exd5 cxd5 10. g4 Ne5 11. Qg3 Nc6 12. Kb1 O-O-O 13. g5 Ne8 14. h4
Nd6 15. Bd3 Nb4 16. a3 Nxd3 17. Qxd3 Nf5 18. Ka2 Be7 19. Ne2 h6 20. g6 fxg6 21.
Nf4 Qa6 22. Qxa6 bxa6 23. Rde1 Rd6 24. Rxe6 Rxe6 25. Nxe6 Nxh4 26. Bxg7 Rh7 27.
Bd4 Nf3 28. Be3 g5 29. Rh3 Kd7 30. Nf8+ Bxf8 31. Rxf3 Be7 32. Rg3 Ke6 33. c4 Kf5
34. cxd5 Ke4 35. Bxa7 Bd6 36. Re3+ Kxd5 37. Rd3+ Ke6 38. Be3 g4 39. Rd4 h5 40.
b4 Be5 41. Rc4 Rc7 42. Rxc7 Bxc7 43. Bg5 Bd6 44. Kb3 Be7 45. Bf4 h4 46. Bh2 Bd6
47. Bg1 Kd5 48. d3 h3 0-1

[Event "4th London Classic Open"]
[Site "London ENG"]
[Date "2012.12.08"]
[Round "8"]
[White "Cherniaev, Alexander"]
[Black "Eames, Robert S"]
[Result "1-0"]
[WhiteTitle "GM"]
[BlackTitle "FM"]
[WhiteElo "2460"]
[BlackElo "2263"]
[WhiteFideId "4117301"]
[BlackFideId "408743"]
[EventDate "2012.12.01"]

1. e4 e5 2. Nf3 Nc6 3. Bc4 Nf6 4. d3 Be7 5. O-O O-O 6. Bb3 d6 7. c3 Kh8 8. Re1
Ng8 9. d4 Bg4 10. d5 Nb8 11. h3 Bd7 12. Nbd2 a5 13. Bc2 g6 14. Nf1 Na6 15. Rb1
Nc5 16. b4 axb4 17. cxb4 Na4 18. Rb3 f5 19. exf5 gxf5 20. a3 Nb6 21. Ng3 Nc4 22.
Rc3 b5 23. Nd2 Nb6 24. Nb3 Nf6 25. Nxf5 Nfxd5 26. Rf3 Bg5 27. Na5 Bxc1 28. Qxc1
Nf4 29. Rxf4 exf4 30. Re7 Nd5 31. Qb2+ Nf6 32. Nb7 Qc8 33. Nh6 1-0

[Event "4th London Classic Open"]
[Site "London ENG"]
[Date "2012.12.08"]
[Round "8"]
[White "Chapman, Terry P D"]
[Black "Shaw, John"]
[Result "1/2-1/2"]
[BlackTitle "GM"]
[WhiteElo "2279"]
[BlackElo "2435"]
[WhiteFideId "413399"]
[BlackFideId "2400553"]
[EventDate "2012.12.01"]

1. Nf3 d6 2. d4 Nf6 3. Nc3 Nbd7 4. e4 e5 5. Bc4 Be7 6. O-O O-O 7. Re1 c6 8. a4
h6 9. Ba2 Re8 10. Nh4 exd4 11. Qxd4 d5 12. exd5 Bc5 13. Rxe8+ Qxe8 14. Qd1 Ng4
15. Be3 Nxe3 16. fxe3 Qxe3+ 17. Kh1 Nf6 18. Qf3 Qg5 19. Ne4 Qxh4 20. Nxc5 cxd5
21. Bxd5 Qd4 22. Bxb7 Qxb2 23. Qa3 Qxa3 24. Rxa3 Bxb7 25. Nxb7 Rc8 26. Ra2 Ne4
27. g3 f5 28. Na5 Kf7 29. Rb2 Kf6 30. c4 Nc5 31. Kg2 Rc7 32. Rb4 Ke5 33. Nb3
Nxb3 34. Rxb3 Kd4 35. Rb5 g6 36. Ra5 Kxc4 37. Ra6 g5 38. Rxh6 g4 39. Rf6 Rc5 40.
Ra6 Kd3 41. Rxa7 1/2-1/2

[Event "4th London Classic Open"]
[Site "London ENG"]
[Date "2012.12.08"]
[Round "8"]
[White "Berry, Neil"]
[Black "D'Costa, Lorin A R"]
[Result "1/2-1/2"]
[WhiteTitle "FM"]
[BlackTitle "IM"]
[WhiteElo "2247"]
[BlackElo "2417"]
[WhiteFideId "2400650"]
[BlackFideId "409219"]
[EventDate "2012.12.01"]

1. d4 Nf6 2. c4 e6 3. g3 d5 4. Nf3 dxc4 5. Bg2 Bb4+ 6. Bd2 c5 7. Qc1 O-O 8. O-O
b5 9. a4 Bb7 10. axb5 a6 11. bxa6 Rxa6 12. Rxa6 Bxa6 13. dxc5 Bxc5 14. Nc3 Nbd7
15. Be3 Qb8 16. Nd4 Bb7 17. Bxb7 Qxb7 18. Na4 Bxd4 19. Bxd4 Rc8 20. Bxf6 Nxf6
21. Rd1 h5 22. Rd4 Qb4 23. Nc3 Qb6 1/2-1/2

[Event "4th London Classic Open"]
[Site "London ENG"]
[Date "2012.12.08"]
[Round "8"]
[White "Ledger, Dave J"]
[Black "Hanley, Craig A"]
[Result "0-1"]
[WhiteTitle "FM"]
[BlackTitle "IM"]
[WhiteElo "2266"]
[BlackElo "2412"]
[WhiteFideId "401986"]
[BlackFideId "408514"]
[EventDate "2012.12.01"]

1. e4 c5 2. Nf3 d6 3. d4 cxd4 4. Nxd4 Nf6 5. Nc3 a6 6. Be3 e5 7. Nb3 Be6 8. f3
h5 9. Qd2 Nbd7 10. O-O-O Rc8 11. Kb1 Be7 12. h3 h4 13. f4 b5 14. Bd3 Bc4 15.
Rhe1 Qc7 16. Qf2 b4 17. Nd5 Nxd5 18. exd5 Bxd3 19. Rxd3 O-O 20. fxe5 Nxe5 21.
Rdd1 Bf6 22. Bd4 a5 23. Nc1 a4 24. Nd3 b3 25. cxb3 axb3 26. Bxe5 dxe5 27. axb3
Ra8 28. b4 Qc4 29. Nc5 e4 30. Rxe4 Qa2+ 31. Kc1 Rfd8 32. Red4 Rd6 33. R1d3 Bxd4
34. Qxd4 Rad8 35. Qxh4 Qa8 36. Qg4 Rxd5 37. Rg3 Qa1+ 38. Kc2 Rd2+ 39. Kb3 Qxb2+
40. Ka4 Qa2+ 41. Kb5 Rb8+ 42. Kc6 Qa8+ 43. Kc7 Qa7+ 44. Kc6 Qb6# 0-1

[Event "4th London Classic Open"]
[Site "London ENG"]
[Date "2012.12.08"]
[Round "8"]
[White "Jackson, James P"]
[Black "Rendle, Thomas E"]
[Result "0-1"]
[BlackTitle "IM"]
[WhiteElo "2222"]
[BlackElo "2381"]
[WhiteFideId "416860"]
[BlackFideId "408760"]
[EventDate "2012.12.01"]

1. d4 Nf6 2. c4 e6 3. Nc3 Bb4 4. e3 O-O 5. Ne2 d5 6. a3 Bd6 7. cxd5 exd5 8. Ng3
c6 9. Bd3 Re8 10. Nce2 Nbd7 11. f3 c5 12. Nf5 Bf8 13. dxc5 Nxc5 14. Nfd4 a5 15.
Bc2 Qb6 16. O-O Bd7 17. Rb1 Rac8 18. Kh1 Bd6 19. b4 axb4 20. axb4 Na6 21. b5 Nc5
22. Bf5 Bb8 23. g4 g6 24. Bxd7 Nfxd7 25. f4 Ne4 26. Bb2 Nd6 27. Nc2 Nc4 28. Bd4
Qd6 29. Ng3 Nc5 30. Nf5 gxf5 31. gxf5 Kf8 32. f6 Ne4 33. Qh5 Nxf6 34. Qh4 Re6
35. Rf2 Ne4 36. Rg2 Rg6 37. Rbg1 Qe6 38. Bg7+ Ke8 39. Nd4 Qe7 40. Qe1 Ned6 41.
Rg3 Qe4+ 42. R1g2 Rxg3 43. hxg3 Nxe3 0-1

[Event "4th London Classic Open"]
[Site "London ENG"]
[Date "2012.12.08"]
[Round "8"]
[White "Ansell, Simon T"]
[Black "Stephan, Axel"]
[Result "1-0"]
[WhiteTitle "IM"]
[WhiteElo "2377"]
[BlackElo "2233"]
[WhiteFideId "402141"]
[BlackFideId "4632834"]
[EventDate "2012.12.01"]

1. e4 e6 2. Qe2 c5 3. Nf3 Nc6 4. g3 g6 5. Bg2 Bg7 6. O-O Nge7 7. c3 d5 8. e5 b6
9. Na3 a5 10. Nb5 Ba6 11. a4 O-O 12. d3 Na7 13. Nxa7 Rxa7 14. h4 h5 15. Bg5 Qb8
16. Rfe1 b5 17. g4 hxg4 18. Nh2 Qxe5 19. Qxe5 Bxe5 20. Rxe5 f6 21. Rxe6 fxg5 22.
Rae1 Kf7 23. hxg5 Bc8 24. Rf6+ Kg7 25. Rxf8 Kxf8 26. axb5 Bf5 27. Rd1 Rb7 28. c4
Rd7 29. cxd5 Nxd5 30. Rc1 Nf4 31. Rxc5 Nxg2 32. Kxg2 Rxd3 33. Nf1 Be4+ 34. Kg1
Bf3 35. Ne3 g3 36. Re5 Rb3 37. Nc4 Rb4 38. Nxa5 g2 39. Re3 Bd5 40. b3 Rxb5 41.
Nc4 Bxc4 42. bxc4 Rxg5 43. Rg3 Rc5 44. Rg4 Kf7 45. Kxg2 Kf6 46. Kf3 Kf5 47. Rf4+
Ke5 48. Re4+ Kf5 49. Ke3 g5 50. Kd3 Rc8 51. Re7 g4 52. Kd4 Rd8+ 53. Ke3 Rc8 54.
Re4 Ra8 55. Rf4+ Kg5 56. Rd4 Re8+ 57. Re4 Rc8 58. Kd3 Kf5 59. Rd4 Ke5 60. Rxg4 1-0

[Event "4th London Classic Open"]
[Site "London ENG"]
[Date "2012.12.08"]
[Round "8"]
[White "Stone, Andrew M"]
[Black "Schneider, Igor"]
[Result "1/2-1/2"]
[BlackTitle "FM"]
[WhiteElo "2203"]
[BlackElo "2376"]
[WhiteFideId "404985"]
[BlackFideId "2019043"]
[EventDate "2012.12.01"]

1. c4 e6 2. g3 d5 3. Bg2 c6 4. Nf3 dxc4 5. Na3 Bxa3 6. bxa3 b5 7. Bb2 Nf6 8. O-O
Bb7 9. Ne5 O-O 10. d3 cxd3 11. Nxd3 Nbd7 12. Rc1 Rc8 13. Rc2 Nd5 14. Qa1 f6 15.
Bd4 a6 16. Nc5 Nxc5 17. Bxc5 Rf7 18. Rd1 Qe8 19. Rcd2 f5 20. Qe5 1/2-1/2

[Event "4th London Classic Open"]
[Site "London ENG"]
[Date "2012.12.08"]
[Round "8"]
[White "Weber, Tom"]
[Black "Holzhauer, Bjoern"]
[Result "1-0"]
[WhiteTitle "FM"]
[WhiteElo "2372"]
[BlackElo "2153"]
[WhiteFideId "4000609"]
[BlackFideId "20605544"]
[EventDate "2012.12.01"]

1. c4 e5 2. g3 c6 3. d4 e4 4. Nc3 d5 5. Bg2 Nf6 6. Bg5 Bb4 7. Rc1 Be6 8. Nh3
Nbd7 9. Nf4 h6 10. Nxe6 fxe6 11. Bf4 Nh5 12. Bd2 Bd6 13. e3 Nhf6 14. O-O O-O 15.
Qb3 Rb8 16. cxd5 exd5 17. Nxe4 Nxe4 18. Bxe4 Nf6 19. Bc2 Qd7 20. Kg2 Ng4 21. f3
Nf6 22. e4 Bc7 23. e5 Ne8 24. f4 Bd8 25. Qd3 g5 26. fxg5 Bxg5 27. Bxg5 hxg5 28.
Qg6+ Qg7 29. Qe6+ Rf7 30. Bg6 1-0

[Event "4th London Classic Open"]
[Site "London ENG"]
[Date "2012.12.08"]
[Round "8"]
[White "Caoili, Arianne"]
[Black "Kvisvik, Brede"]
[Result "0-1"]
[WhiteTitle "WIM"]
[BlackTitle "FM"]
[WhiteElo "2202"]
[BlackElo "2316"]
[WhiteFideId "5201179"]
[BlackFideId "1502999"]
[EventDate "2012.12.01"]

1. d4 Nf6 2. Nf3 e6 3. c4 b6 4. g3 Bb4+ 5. Bd2 Be7 6. Bg2 c6 7. O-O d5 8. Ne5
O-O 9. Qc2 Nfd7 10. cxd5 Nxe5 11. dxc6 Nexc6 12. Bxc6 Nxc6 13. Qxc6 Ba6 14. Qe4
Qd7 15. Bc3 f5 16. Qc2 f4 17. Re1 e5 18. Qe4 Bb7 19. Qxe5 Rf5 0-1

[Event "4th London Classic Open"]
[Site "London ENG"]
[Date "2012.12.08"]
[Round "8"]
[White "Slavin, Alexey"]
[Black "Dale, Ari"]
[Result "1-0"]
[WhiteTitle "IM"]
[WhiteElo "2397"]
[BlackElo "2122"]
[WhiteFideId "24104388"]
[BlackFideId "3213145"]
[EventDate "2012.12.01"]

1. c4 g6 2. e4 e5 3. Nc3 Bg7 4. g3 Nc6 5. Bg2 Nge7 6. d3 O-O 7. h4 h6 8. Be3 d6
9. Qd2 Kh7 10. h5 g5 11. f4 exf4 12. gxf4 gxf4 13. Bxf4 a6 14. Bh3 Nd4 15. O-O-O
b5 16. Nge2 b4 17. Nd5 Nxd5 18. cxd5 Nxe2+ 19. Qxe2 a5 20. d4 a4 21. e5 dxe5 22.
dxe5 Ra5 23. Qe4+ Kh8 24. Bxc8 Qxc8 25. Kb1 a3 26. b3 Rc5 27. Rhg1 Qh3 28. Rxg7
Kxg7 29. e6 Re8 30. Rg1+ Kf8 31. Bxh6+ Ke7 32. exf7+ Kxf7 33. Qg6+ Ke7 34. Re1+ 1-0

[Event "4th London Classic Open"]
[Site "London ENG"]
[Date "2012.12.08"]
[Round "8"]
[White "Iwanow, Anna"]
[Black "Coleman, David J"]
[Result "0-1"]
[WhiteTitle "WIM"]
[BlackTitle "CM"]
[WhiteElo "2188"]
[BlackElo "2268"]
[WhiteFideId "1135988"]
[BlackFideId "402087"]
[EventDate "2012.12.01"]

1. e4 d5 2. exd5 Qxd5 3. Nc3 Qa5 4. d4 Nf6 5. Nf3 Bf5 6. Bc4 c6 7. Ne5 e6 8. g4
Bg6 9. h4 Bb4 10. Bd2 Nbd7 11. Qe2 Nxe5 12. dxe5 Nd7 13. f4 Bxc2 14. Rc1 Ba4 15.
b3 Bb5 16. Bxb5 cxb5 17. Ne4 O-O 18. Nd6 Nb6 19. Nxb7 Qa3 20. Kf2 Nd5 21. Rc2
Qa6 22. Nc5 Qb6 23. Be3 Rfd8 24. Ne4 Qb7 25. Qf3 Ba3 26. Ng5 h6 27. Ne4 Rac8 28.
Re2 Qc6 29. g5 Nxe3 30. Qxe3 h5 31. Qxa7 Bc1 32. Nd6 Rxd6 33. exd6 Qxh1 34. d7
Qxh4+ 35. Kg2 Qg4+ 36. Kf1 Qf3+ 37. Ke1 Qh1+ 38. Kf2 Qh2+ 39. Kf1 Qh3+ 40. Kf2
Qh4+ 41. Kg2 Qg4+ 42. Kh1 Qf3+ 43. Kg1 Rd8 44. Qc7 Be3+ 45. Rxe3 Qxe3+ 46. Kg2
Qd2+ 0-1

[Event "4th London Classic Open"]
[Site "London ENG"]
[Date "2012.12.08"]
[Round "8"]
[White "Steil-Antoni, Fiona"]
[Black "Roe, Simon J"]
[Result "0-1"]
[WhiteTitle "WIM"]
[WhiteElo "2169"]
[BlackElo "2265"]
[WhiteFideId "4001249"]
[BlackFideId "401471"]
[EventDate "2012.12.01"]

1. e4 Nf6 2. e5 Nd5 3. d4 d6 4. Bc4 c6 5. f4 dxe5 6. fxe5 Bf5 7. Ne2 e6 8. O-O
Be7 9. c3 O-O 10. Ng3 Bg6 11. Qg4 c5 12. Bxd5 Qxd5 13. h4 f5 14. exf6 Rxf6 15.
Rxf6 Bxf6 16. h5 Bf5 17. Nxf5 exf5 18. Qe2 Nc6 19. dxc5 Qxc5+ 20. Qf2 Bd4 21.
cxd4 Qxc1+ 22. Kh2 Rd8 23. d5 Ne5 24. Qxf5 Qxb2 25. Qe6+ Nf7 0-1

[Event "4th London Classic Open"]
[Site "London ENG"]
[Date "2012.12.08"]
[Round "8"]
[White "Guthrie, David"]
[Black "Tan, Justin2"]
[Result "0-1"]
[WhiteElo "2167"]
[BlackElo "2239"]
[WhiteFideId "4300505"]
[BlackFideId "3206882"]
[EventDate "2012.12.01"]

1. d4 d5 2. c4 c6 3. Nf3 Nf6 4. Nc3 e6 5. Bg5 h6 6. Bxf6 Qxf6 7. e3 Nd7 8. Bd3
dxc4 9. Bxc4 g6 10. O-O Bg7 11. Re1 O-O 12. e4 e5 13. d5 Rd8 14. h3 b5 15. dxc6
bxc4 16. Nd5 Qe6 17. cxd7 Rxd7 18. Rc1 Bb7 19. Rxc4 Bxd5 20. exd5 Qxd5 21. Qc2
Re8 22. b3 Kh7 23. h4 Rde7 24. Rc5 Qd7 25. Rc4 Qd5 26. Rc5 Qb7 27. Nd2 e4 28.
Nf1 Rd8 29. h5 Rd3 30. hxg6+ fxg6 31. Rc4 Bd4 32. Re2 Qd7 33. Nd2 Bxf2+ 34. Kxf2
e3+ 35. Kg1 Rxd2 0-1

[Event "4th London Classic Open"]
[Site "London ENG"]
[Date "2012.12.08"]
[Round "8"]
[White "Ethelontis, Alexandros N"]
[Black "Britton, Richard L"]
[Result "0-1"]
[BlackTitle "FM"]
[WhiteElo "2155"]
[BlackElo "2233"]
[WhiteFideId "405469"]
[BlackFideId "401692"]
[EventDate "2012.12.01"]

1. c4 Nf6 2. g3 g6 3. Bg2 Bg7 4. Nc3 O-O 5. d3 d6 6. Bg5 h6 7. Bd2 Nc6 8. Nf3 e5
9. O-O Be6 10. e4 Ne7 11. Qe2 Ne8 12. Nh4 Nc6 13. Be3 Nd4 14. Qd2 Kh7 15. Ne2 c5
16. Bxd4 cxd4 17. f4 Nf6 18. f5 Bd7 19. h3 h5 20. Kh2 Bh6 21. Qb4 Bc6 22. Bf3 g5
23. Ng2 g4 24. hxg4 hxg4 25. Kg1 gxf3 26. Rxf3 Ng4 27. Raf1 Qf6 28. Nc1 Bxc1 29.
Rxc1 Qh6 30. Rc2 Qh2+ 0-1

[Event "4th London Classic Open"]
[Site "London ENG"]
[Date "2012.12.08"]
[Round "8"]
[White "Zymberi, Astrit"]
[Black "Berthier, Hugo"]
[Result "0-1"]
[WhiteElo "2154"]
[BlackElo "2220"]
[WhiteFideId "4700295"]
[BlackFideId "655864"]
[EventDate "2012.12.01"]

1. d4 Nf6 2. c4 g6 3. Nc3 Bg7 4. e4 d6 5. f3 O-O 6. Be3 c5 7. Nge2 Nc6 8. d5 Ne5
9. Ng3 h5 10. Be2 h4 11. Nf1 e6 12. f4 Neg4 13. Bg1 exd5 14. cxd5 b5 15. e5 dxe5
16. Bxc5 Re8 17. fxe5 Rxe5 18. Bd4 Re8 19. a3 Rb8 20. b4 Rb7 21. h3 Nh6 22. Ne3
Rbe7 23. Qc1 Nf5 24. Nxf5 Bxf5 25. Ra2 Nxd5 26. Bxg7 Kxg7 27. Rd2 Qc7 28. Rxd5
Rxe2+ 29. Kd1 Bc2+ 30. Qxc2 Rxc2 31. Kxc2 Re2+ 32. Rd2 Re3 33. Rd3 Rxd3 34. Kxd3
Qg3+ 35. Kd4 Qf2+ 36. Kd3 Qxg2 37. Re1 Qxh3+ 38. Re3 Qf1+ 0-1

[Event "4th London Classic Open"]
[Site "London ENG"]
[Date "2012.12.08"]
[Round "8"]
[White "Grant, Jonathan I M"]
[Black "Maduekwe, Chiedu"]
[Result "1-0"]
[WhiteElo "2217"]
[BlackElo "2151"]
[WhiteFideId "2400294"]
[BlackFideId "8500118"]
[EventDate "2012.12.01"]

1. c4 e5 2. g3 Nf6 3. Bg2 Nc6 4. Nc3 g6 5. e4 Bg7 6. Nge2 d6 7. d3 a6 8. O-O O-O
9. Nd5 Nd7 10. Be3 Nd4 11. Nxd4 exd4 12. Bd2 c6 13. Nf4 Rb8 14. Qc2 Ne5 15. b4
Bd7 16. c5 Qe7 17. h3 b6 18. cxd6 Qxd6 19. Rac1 Rbc8 20. Qb3 g5 21. Nh5 Bxh3 22.
Nxg7 Kxg7 23. Bxg5 Be6 24. Qd1 Bg4 25. f3 Nxf3+ 26. Rxf3 f5 27. Qd2 fxe4 28. Rf4
e3 29. Qb2 Rxf4 30. Bxf4 Qf6 31. Re1 Re8 32. Qc2 Re6 33. Qc4 a5 34. bxa5 bxa5
35. Qc5 Bf5 36. Bf1 h5 37. Be2 Kg6 38. Rf1 Re8 39. Qxa5 Bh3 40. Qxh5+ 1-0

[Event "4th London Classic Open"]
[Site "London ENG"]
[Date "2012.12.08"]
[Round "8"]
[White "Eriksson, Jorgen"]
[Black "Rodriguez, Vidal"]
[Result "1-0"]
[WhiteElo "2213"]
[BlackElo "2148"]
[WhiteFideId "1701967"]
[BlackFideId "3901343"]
[EventDate "2012.12.01"]

1. d4 d5 2. Nf3 Nf6 3. c4 dxc4 4. Qa4+ Nc6 5. Qxc4 g6 6. Nc3 Bg7 7. e4 O-O 8.
Be2 Bg4 9. Be3 Nd7 10. Rd1 Nb6 11. Qd3 Qd7 12. h3 Bxf3 13. gxf3 Rad8 14. e5 Nb4
15. Qb1 N4d5 16. Ne4 f6 17. f4 Bh6 18. Bg4 f5 19. Nc5 Qc8 20. Bf3 c6 21. Qc1 e6
22. h4 Rf7 23. h5 Bf8 24. hxg6 hxg6 25. Ke2 Bxc5 26. dxc5 Nxe3 27. Rxd8+ Qxd8
28. cxb6 Nd5 29. bxa7 Qa8 30. Bxd5 cxd5 31. Qc5 b5 32. Qb6 d4 33. Qb8+ Rf8 34.
Qxa8 Rxa8 35. Kd3 Rxa7 36. a3 Rc7 37. Rb1 Kg7 38. b3 Ra7 39. Ra1 Kf7 40. Kxd4
Rc7 41. a4 bxa4 42. bxa4 Ke7 43. a5 Kd7 44. a6 Ra7 45. Kc5 Kc7 46. Ra2 1-0

[Event "4th London Classic Open"]
[Site "London ENG"]
[Date "2012.12.08"]
[Round "8"]
[White "Josse, Mark"]
[Black "Gikas, Andreas Basilius"]
[Result "1/2-1/2"]
[WhiteElo "2142"]
[BlackElo "2210"]
[WhiteFideId "414476"]
[BlackFideId "4623509"]
[EventDate "2012.12.01"]

1. d4 d5 2. c4 c6 3. e3 Bf5 4. Nc3 e6 5. Nf3 Nd7 6. Bd3 Bxd3 7. Qxd3 Ngf6 8. O-O
Bb4 9. Bd2 a5 10. Rac1 O-O 11. a3 Bxc3 12. Bxc3 Ne4 13. Nd2 f5 14. f3 Nxd2 15.
Bxd2 Qe8 16. Qb3 Nf6 17. cxd5 cxd5 18. Rc7 b5 19. Rfc1 a4 20. Qb4 Rb8 21. Re7
Qd8 22. Rcc7 Ne8 23. Rcd7 Qc8 24. Ra7 Rf6 25. Bc3 Rg6 26. Red7 h6 27. Qc5 Rf6
28. Qxc8 Rxc8 29. Rab7 g5 30. Rxb5 Rf7 31. Rbb7 Rxd7 32. Rxd7 Rc7 33. Rd8 Kf7
34. Ra8 Rc4 35. Kf2 f4 36. Ra6 Ng7 37. e4 e5 38. Ra7+ Kg6 39. Ra6+ Kf7 40. Ra7+
Kg6 41. Ra6+ 1/2-1/2

[Event "4th London Classic Open"]
[Site "London ENG"]
[Date "2012.12.08"]
[Round "8"]
[White "Jetzl, Joerg"]
[Black "Hebbes, Tim"]
[Result "1-0"]
[WhiteElo "2208"]
[BlackElo "2111"]
[WhiteFideId "1601172"]
[BlackFideId "406570"]
[EventDate "2012.12.01"]

1. Nf3 Nf6 2. g3 d5 3. c4 c6 4. Bg2 e6 5. d4 Nbd7 6. Nbd2 b5 7. b3 a5 8. O-O a4
9. c5 Be7 10. b4 Qc7 11. Bb2 Bb7 12. Ne5 Nxe5 13. dxe5 Nd7 14. f4 g6 15. e4 Rg8
16. Bh3 Bc8 17. Qc2 Nf8 18. Rf2 Ra7 19. Raf1 Qd8 20. Kh1 h5 21. Nf3 Rc7 22. Qe2
Bd7 23. a3 Qc8 24. Qe3 Qb7 25. Nd4 Qc8 26. Qe2 Bd8 27. f5 gxf5 28. exf5 h4 29.
g4 Bg5 30. Qd3 Ra7 31. fxe6 Bxe6 32. Nf5 Bxf5 33. gxf5 Qd8 34. f6 Rh8 35. e6 Nh7
36. e7 Qc7 37. Qf5 Qd7 38. Qf3 Qc7 39. Qh5 Be3 40. Be6 Rf8 41. Qxh7 1-0

[Event "4th London Classic Open"]
[Site "London ENG"]
[Date "2012.12.08"]
[Round "8"]
[White "Dole, Anant"]
[Black "Bates, Caspar J"]
[Result "0-1"]
[WhiteElo "2138"]
[BlackElo "2200"]
[WhiteFideId "14301490"]
[BlackFideId "414760"]
[EventDate "2012.12.01"]

1. e4 e5 2. Nf3 Nc6 3. Bb5 a6 4. Ba4 Nf6 5. O-O Be7 6. Re1 b5 7. Bb3 d6 8. c3
O-O 9. h3 Na5 10. Bc2 c5 11. d4 Qc7 12. d5 Ne8 13. a4 b4 14. Bd2 b3 15. Bxb3
Nxb3 16. Qxb3 f5 17. Nxe5 dxe5 18. exf5 c4 19. Qd1 Bxf5 0-1

[Event "4th London Classic Open"]
[Site "London ENG"]
[Date "2012.12.08"]
[Round "8"]
[White "McKenna, Jason P"]
[Black "Marusenko, Petr"]
[Result "0-1"]
[BlackTitle "IM"]
[WhiteElo "2102"]
[BlackElo "2197"]
[WhiteFideId "403857"]
[BlackFideId "14100606"]
[EventDate "2012.12.01"]

1. e4 c6 2. d4 d5 3. Nc3 dxe4 4. Nxe4 Bf5 5. Ng3 Bg6 6. h4 h6 7. Nf3 Nd7 8. h5
Bh7 9. Bd3 Bxd3 10. Qxd3 e6 11. Bd2 Ngf6 12. O-O-O Be7 13. Qe2 c5 14. dxc5 Qc7
15. Rhe1 Nxc5 16. Ne5 O-O 17. Kb1 a5 18. f4 Rfe8 19. c4 Rad8 20. Bc1 Nfd7 21.
Nxd7 Rxd7 22. Rxd7 Qxd7 23. Ne4 Nxe4 24. Qxe4 Bh4 25. Rh1 f5 26. Qe2 Bf6 27. Rd1
Qc6 28. Qc2 Rc8 29. b3 b5 30. Bb2 Bxb2 31. Kxb2 bxc4 32. bxc4 Qc5 33. a3 Qe3 34.
Rd7 Rb8+ 35. Ka2 a4 36. Rd3 Qxf4 37. c5 Qe4 38. c6 Kh7 39. c7 Rc8 40. Rc3 Qxc2+
41. Rxc2 Kg8 42. Rc4 Kf7 43. Kb2 Ke7 44. g4 Kd6 45. gxf5 exf5 46. Rf4 Rxc7 47.
Rxf5 Rc4 48. Rf7 Rg4 49. Kc3 Ke6 50. Rb7 Kf6 51. Rb5 Rg5 52. Rb6+ Kf5 53. Rb5+
Kg4 54. Rb4+ Kf3 55. Rh4 Rg4 56. Rh3+ Kg2 57. Rd3 Rg5 58. Kb4 Rxh5 59. Kxa4 g5
60. Kb4 g4 61. a4 Rg5 62. a5 h5 63. a6 Rg8 64. Rd5 h4 65. a7 g3 66. Rd2+ Kh1 67.
Rd4 h3 0-1